Career opportunities working with animals / (Record no. 840)

MARC details
000 -LEADER
fixed length control field 01215cam a2200409 a 4500
005 - DATE AND TIME OF LATEST TRANSACTION
control field 20260322212036.0
008 - FIXED-LENGTH DATA ELEMENTS--GENERAL INFORMATION
fixed length control field data
010 ## - LIBRARY OF CONGRESS CONTROL NUMBER
LC control number 2011009180
019 ## -
-- 606772109
020 ## - INTERNATIONAL STANDARD BOOK NUMBER
International Standard Book Number 9780816077830
020 ## - INTERNATIONAL STANDARD BOOK NUMBER
International Standard Book Number 0816077827 (hardcover : alk. paper)
020 ## - INTERNATIONAL STANDARD BOOK NUMBER
International Standard Book Number 9780816077830 (pbk. : alk. paper)
020 ## - INTERNATIONAL STANDARD BOOK NUMBER
International Standard Book Number 0816077835 (pbk. : alk. paper)
020 ## - INTERNATIONAL STANDARD BOOK NUMBER
International Standard Book Number 0816077835
020 ## - INTERNATIONAL STANDARD BOOK NUMBER
International Standard Book Number 9780816077823 (hardcover : alk. paper)
040 ## - CATALOGING SOURCE
Original cataloging agency DLC
Transcribing agency DLC
Modifying agency BWX
-- BTCTA
-- YDXCP
-- VKC
-- VP@
-- BWX
041 09 - LANGUAGE CODE
Language code of text/sound track or separate title eng
042 ## - AUTHENTICATION CODE
Authentication code nlmcopyc
-- nlmcopyc
043 ## - GEOGRAPHIC AREA CODE
Geographic area code n-us---
044 ## - COUNTRY OF PUBLISHING/PRODUCING ENTITY CODE
-- United States
050 00 - LIBRARY OF CONGRESS CALL NUMBER
Classification number SF756.28
Item number .F54 2012
060 10 - NATIONAL LIBRARY OF MEDICINE CALL NUMBER
Classification number SF 756.28
082 00 - DEWEY DECIMAL CLASSIFICATION NUMBER
Classification number 636.089023
Edition information 22
092 ## - LOCALLY ASSIGNED DEWEY CALL NUMBER (OCLC)
Classification number 636.08 Fie 2012
001 - CONTROL NUMBER
control field data
100 1# - MAIN ENTRY--PERSONAL NAME
Personal name Field, Shelly.
245 10 - TITLE STATEMENT
Title Career opportunities working with animals /
Statement of responsibility, etc. Shelly Field.
246 30 - VARYING FORM OF TITLE
Title proper/short title Working with animals
260 ## - PUBLICATION, DISTRIBUTION, ETC.
Place of publication, distribution, etc. New York :
Name of publisher, distributor, etc. Ferguson's,
Date of publication, distribution, etc. c2012.
300 ## - PHYSICAL DESCRIPTION
Extent xvi, 298 p. ;
Dimensions 25 cm.
490 1# - SERIES STATEMENT
Series statement Career opportunities
504 ## - BIBLIOGRAPHY, ETC. NOTE
Bibliography, etc. note Includes bibliographical references and index.
650 #2 - SUBJECT ADDED ENTRY--TOPICAL TERM
Topical term or geographic name entry element Veterinary Medicine
650 #2 - SUBJECT ADDED ENTRY--TOPICAL TERM
Topical term or geographic name entry element Vocational Guidance
830 #0 - SERIES ADDED ENTRY--UNIFORM TITLE
Uniform title Facts on File's career opportunities series.
994 ## -
-- CDN
-- 20120330
Holdings
Withdrawn status Lost status Damaged status Not for loan Home library Current library Shelving location Date acquired Total checkouts Full call number Barcode Date last seen Price effective from Koha item type
        Troy Troy General stacks 22/03/2026   636.089023 22 BC0010865 22/03/2026 22/03/2026 Books